00837nam a22002657a 45000010005000000030006000050050017000110080041000280200018000690400029000870500014001160820008001301000019001382450075001572500009002322600039002413000045002805050007003255200107003325210019004395210018004586500034004766500022005107000039005325391FISKH20241202084058.0241202b cb ||||| |||| 00| 0 eng d a9780516249698 aFISKHbengcFISKHdFISKH aPZ7.R2594 a363 aReggier, DeMar aGood food /cWritten by DeMar Reggier Illustrated by David Austin Clar a2005 aCanada :bChildren's press,c2005. a31 pages :bColor illustrations ;c21 cm aE  aA boy grocery shops for nutritious food with his father, and together they cook dinner for the family.8 a220L bLexile 8 aE bRaz-Plus  2Grocery shoppingaFood habits 2CookingaBig book aClar, Austin DaviddIllustrations